Statistics for Too Hot To Handle Season 4 Cast

Click here to take the quiz!

General Stats

  • This quiz has been taken 20 times
  • The average score is 9 of 14

Answer Stats

OriginAnswer% Correct
Los Angeles, USAKayla
84%
Glasgow, ScotlandSeb
84%
Hawaii, USAJames
79%
Lima, PeruFlavia
74%
Perth, AustraliaCreed
68%
Brighton, EnglandSophie
68%
Amsterdam, NetherlandsJawahir
63%
Michigan, USANick
63%
New Jersey, USANigel
63%
Hawaii, USABrittan
53%
Bristol, EnglandEthan
53%
Sydney, AustraliaImogen
47%
Colorado, USADominique
42%
Florida, USAShawn
42%

Score Distribution

Percentile by Number Answered

Percent of People with Each Score

Your Score History

You have not taken this quiz